| 000 | 01104cam a22003257a 4500 | ||
|---|---|---|---|
| 003 | CHAP | ||
| 005 | 20220623090813.0 | ||
| 008 | 981022d1990 mx a r 00110 spa d | ||
| 010 | _a76394 | ||
| 011 | _a77366 | ||
| 035 | _a86972 | ||
| 040 | _cCHAP | ||
| 090 | _aFolleto 15235 | ||
| 100 | 0 | 0 |
_aMiranda Colín, Salvador. _976065 |
| 245 | 1 | 0 |
_aConocimiento en la época prehispánica sobre la rotación de la tierra _c/por Salvador Miranda Colín |
| 260 |
_aMontecillo, Méx. : _bColegio de Postgraduados, _c1990. |
||
| 300 |
_a29 p. : _bilus. ; cuadros |
||
| 590 |
_aBATCH-UPD _b10 _c20130110 |
||
| 590 |
_aBATCH-UPD _b10 _c20130410 |
||
| 590 |
_aBATCH-UPD _b10 _c20130914 |
||
| 590 |
_aCONVERSION _b10 _c20130109 |
||
| 650 | 1 | 4 |
_aTierra _xRotación de. _9113061 |
| 901 | _aBK | ||
| 905 | _aGuadalupe Pinto C. | ||
| 942 |
_cFOLL _2ddc |
||
| 949 |
_aFolleto 15235 _bBC _cFOLL _d869721 _eTS1 _i86972 _sb |
||
| 949 |
_aFolleto 15235 _bBC _cFOLL _d869722 _eTS2 _fc.2 _i86972 _sb |
||
| 949 |
_aFolleto 15235 _bBC _cFOLL _d869723 _eTS2 _fc.3 _i86972 _sb |
||
| 949 |
_aFolleto 15235 _bBC _cUACH _d869724 _eUACH _fc.4 _i86972 _sb |
||
| 999 |
_c76394 _d76394 |
||